000 00230nam a2200097Ia 4500
005 20251222114350.0
008 251222s1900||||xx |||||||||||||| ||spa||
082 _aDVD0192/U61Q/2002
245 0 _aEl Quijote de Cervantes:
942 _cDVD
999 _c1202
_d1202